Garden developments understanding the issues (Record no. 110388)

MARC details
000 -LEADER
fixed length control field 01442cam a22002775a 4500
001 - CONTROL NUMBER
control field L149152
008 - FIXED-LENGTH DATA ELEMENTS--GENERAL INFORMATION
fixed length control field 100120e20100119xxk f 000 0 eng d
020 ## - INTERNATIONAL STANDARD BOOK NUMBER
International Standard Book Number 9781409821595
035 ## - SYSTEM CONTROL NUMBER
System control number (Sirsi) u149152
041 0# - LANGUAGE CODE
Language code of text/sound track or separate title eng
100 1# - MAIN ENTRY--PERSONAL NAME
Personal name Sayce, Sarah
245 00 - TITLE STATEMENT
Title Garden developments understanding the issues
Remainder of title an investigation into residential development on gardens in England
Medium [electronic resource]
260 ## - PUBLICATION, DISTRIBUTION, ETC.
Place of publication, distribution, etc. London
Name of publisher, distributor, etc. DCLG
Date of publication, distribution, etc. 2010
520 ## - SUMMARY, ETC.
Summary, etc. Investigates the growth in back garden development (garden grabbing) from the planning perspective. Looks at the quantum and types of back garden development over a five year period from 1 April 2003 and 31 March 2008, assesses its contribution to housing supply provision and the effectivness of Planning Policy Statement 3. Questionaire sent to 363 local planning authorities and interviews with selected local planning authorities. Concludes that there is no universal definition of garden land which is regarded as brownfield.
590 ## - LOCAL NOTE (RLIN)
Local note KA NTK
651 #4 - SUBJECT ADDED ENTRY--GEOGRAPHIC NAME
Geographic name England
Chronological subdivision 886-
690 ## - LOCAL SUBJECT ADDED ENTRY--TOPICAL TERM (OCLC, RLIN)
Topical term or geographic name as entry element Planning and development
9 (RLIN) 6259
700 1# - ADDED ENTRY--PERSONAL NAME
Personal name Garside, Peter
700 1# - ADDED ENTRY--PERSONAL NAME
Personal name Harris, Charlotte
700 1# - ADDED ENTRY--PERSONAL NAME
Personal name Vickers, Tony
700 1# - ADDED ENTRY--PERSONAL NAME
Personal name Villars, Nicola
700 1# - ADDED ENTRY--PERSONAL NAME
Personal name Walford, Nigel
700 1# - ADDED ENTRY--PERSONAL NAME
Personal name Clements, Billy
856 40 - ELECTRONIC LOCATION AND ACCESS
Uniform Resource Identifier <a href="https://www.communities.gov.uk/publications/planningandbuilding/gardendevelopments">https://www.communities.gov.uk/publications/planningandbuilding/gardendevelopments</a>
Public note View the item free of charge at www.communities.org.uk...
942 ## - ADDED ENTRY ELEMENTS (KOHA)
Suppress in OPAC 0
Holdings
Withdrawn status Lost status Source of classification or shelving scheme Damaged status Not for loan Home library Current library Shelving location Date acquired Total Checkouts Full call number Barcode Date last seen Copy number Price effective from Koha item type
    Dewey Decimal Classification     Virtual Virtual Online 20/01/2010   ONLINE PUBLICATION 149152-2001 06/08/2019 1 06/08/2019 Book